| 000 | 01994nam0a2200445 4500 | ||
|---|---|---|---|
| 001 | RU\NLR\bibl\290061 | ||
| 005 | 20260407092119.0 | ||
| 010 |
_a5-88170-071-6 _bВ пер. _9500 |
||
| 021 |
_aRU _b2002-14005 _9703 |
||
| 035 | _a(NLR Aleph) 000285450 | ||
| 090 |
_a1670926 _c1670926 |
||
| 100 | _a20020723d2001 |||y0rusy50 ca | ||
| 101 | 0 |
_arus _akrl _ekrl |
|
| 102 | _aRU | ||
| 105 | _ay ||||||||| | ||
| 200 | 1 |
_aСлушаю карельский говор _eОбразцы речи держан. и валд. карел _fРос. акад. наук. Карел. науч. центр, Ин-т яз., лит. и истории _gСост. А. В. Пунжина _g[Науч. ред. В.Д. Рягоев] |
|
| 210 |
_aПетрозаводск _cПериодика _d2001 |
||
| 215 |
_a206,[1] с. _d22 |
||
| 300 | _aПарал. загл. на карел. яз. | ||
| 300 | _aТекст парал. на рус. и карел. яз. | ||
| 320 | _aБиблиогр. в подстроч. примеч. | ||
| 606 | 0 |
_aКарельский язык _xДиалекты _yТверская область _9898381 _3RU\NLR\auth\666018 |
|
| 606 | 0 |
_aКарельский язык _xДиалекты _xНовгородская обл. _92256062 _3RU\NLR\auth\661352986 |
|
| 610 | 0 | _aКарельский язык - Диалекты | |
| 675 |
_a821.511.112-4 _v3 _zrus |
||
| 686 |
_a17.82 _2rugasnti |
||
| 686 |
_a82.3(2Рос-Карел)-6 _2rubbk |
||
| 686 | _aШ166.12-52 | ||
| 702 | 1 |
_aПунжина _bА. В. _gАлександра Васильевна _4220 |
|
| 702 | 1 |
_aРягоев _bВ. Д. _4340 |
|
| 712 | 0 | 2 |
_4570 _aПетрозаводский институт языка, литературы и истории _3RU\NLR\AUTH\8818278 _9309753 |
| 801 | 0 |
_aRU _bRKP _c20020723 _gPSBO |
|
| 801 | 1 |
_aRU _bRKP _c20020723 |
|
| 801 | 2 |
_aRU _bNLR _c20060412 _grcr |
|
| 852 |
_aNLR _bОНЛ _jКарел./3-233 |
||
| 942 | _cBOOK | ||
| 980 | _aNB | ||
| 980 | _aNBR | ||